| 000 | 00823nam a2200205 i 4500 | ||
|---|---|---|---|
| 001 | 43598 | ||
| 003 | ES-MaACL | ||
| 005 | 20250726073005.0 | ||
| 007 | t| | ||
| 008 | 030318s1925 sp f c |||| | spa d | ||
| 110 | 2 |
_aMuseo Nacional de Ciencias Naturales (España) _95897 |
|
| 245 | 1 | 0 |
_aCatálogo de las especies y variedades de minerales expuestas al público en el Museo Nacional de Ciencias Naturales, con indicación del lugar que ocupan / _c[prólogo de L. Fernando Navarro]. |
| 260 |
_a[Toledo : _bRafael Gómez-Menor, _c1925. |
||
| 300 |
_a50 p., [2] h. de lám., [2] h. de lám. pleg. ; _c21 cm. |
||
| 610 | 2 |
_aMuseo Nacional de Ciencias Naturales (España)- _vCatálogos. _9169662 |
|
| 650 | 0 | 4 |
_aMinerales. _915052 |
| 700 | 1 |
_aNavarro, L. F. _985078 |
|
| 852 |
_aES-MaACL _j1685-F-1 |
||
| 999 |
_c43598 _d43598 |
||